| 000 | 00665nam a2200217 a 4500 | ||
|---|---|---|---|
| 001 | 13689 | ||
| 003 | BD-JhCC | ||
| 005 | 20240313213420.0 | ||
| 008 | 240313b2022 nyu |||| ||a| 001 0 eng d | ||
| 020 | _a 9780062951519 | ||
| 035 | _a(BD-JhCC)13689 | ||
| 040 |
_aBD-JhCC _dBD-JhCC |
||
| 041 | _aenglish | ||
| 082 |
_a599.6 _bBRU 2022 |
||
| 100 | _a Brusatte,Stephen | ||
| 245 |
_a The Rise And Reign Of The Mammals : _b A new history, from the shadow of the dinosaurs to us / _cStephen Brusatte. |
||
| 260 |
_aLondon: _bMariner Books; _c2022. |
||
| 300 |
_a526 p, : _bill; _c22 cm |
||
| 650 |
_aMammals Evolution _xMammals, Fossil _zpaleontology |
||
| 942 |
_2ddc _cBK |
||
| 999 |
_c13689 _d13689 |
||